| 000 | 00449nam a2200169Ia 4500 | ||
|---|---|---|---|
| 005 | 20260122095517.0 | ||
| 008 | 260121s9999||||xx |||||||||||||| ||und|| | ||
| 020 | _a9789389212587 | ||
| 082 |
_a338.4791 _bMAT |
||
| 100 | _aMathur, Arpita | ||
| 245 | 0 | _aFundamentals of travel and tourism / | |
| 260 |
_aNew Delhi : _bAne books Pvt. Ltd., _c2023. |
||
| 300 | _axvi, 296 p.; hb | ||
| 650 | _aIssues and problems | ||
| 650 | _aTourism | ||
| 942 | _cTB | ||
| 999 |
_c48486 _d48486 |
||